000 00775nam a2200253 i 4500
001 C2-0252636
003 PPAK
005 20180727215803.0
008 031122s1985 my a|||| ||||| | may d
020 _a967950011X
040 _aPPAK
_beng
_cPPAK
_erda
082 0 4 _a959.5
_223
090 0 0 _a959.5
_bCOM
_dG
090 0 0 _a959.5
_bCOM
_dKMI
100 1 _aComber, Leon,
_eauthor
245 1 0 _aPeristiwa 13 mei :
_bsejarah perhubungan melayu-cina
264 1 _aPetaling Jaya, Selangor :
_bInternational Book Service ,
_c1985
300 _axvii, 136 pages :
_billustrations ;
_c21 cm
336 _2rdacontent
_atext
337 _2rdamedia
_aunmediated
338 _2rdacarrier
_avolume
650 1 0 _aChinese malaysia history. ; Malaysia Ethnic relations.
942 _ddc
_cB
999 _c65639
_d65639